LEADER 02071aam 2200373 n 450 001 9910985853703321 005 20250618102223 010 $a83-8220-772-3 035 $a(CKB)5580000000318494 035 $a(ceeol)ceeol1066812 035 $a(CEEOL)1066812 035 $a(EXLCZ)995580000000318494 100 $a20252218d2022 ||l | 101 0 $apol 200 1 $aCzytanie Ulissesa. Próba interpretacji$fMarek Rosiak 210 $a?ód? [Poland] $cWydawnictwo Uniwersytetu ?ódzkiego$d2022 215 $a1 online resource (1 p. 220) 225 $aUniwersytet ?ódzki 311 08$a83-8220-771-5 330 $aI have tried to apply analytical tools supplied by philosophy and logic to reveal or perhaps - to some extent - even create a consistent account of Joyce?s masterpiece. ?Ulysses? contains no determinate meaning, even in a cryptic form ? its author intention was rather to incline a patient reader to interpret the text and in this way to co-create its meaning. It is a demanding enterprise, not only because of the size of the book and often an opaque style of Joyce?s writing but also because he often seems to suggest certain paths of interpretation leading astray. For example, in spite of many openly blasphemous fragments the book contains some nontrivial theological threads. Its composition reveal certain logical order akin to a musical composition although at first glance it could remind a kind of a pathwork and so on. The epoch of radical social changes resulting in the Great War surely influenced the content of the novel. 606 $aLanguage and Literature Studies 606 $aLiterary Texts 606 $aStudies of Literature 615 0$aLanguage and Literature Studies 615 0$aLiterary Texts 615 0$aStudies of Literature 700 $aRosiak$b Marek$01826652 712 02$aCentral and Eastern European Online Library 801 0$bceeol 801 1$bceeol 906 $aBOOK 912 $a9910985853703321 996 $aCzytanie Ulissesa. Próba interpretacji$94394669 997 $aUNINA